Normal view
MARC view
- Guide to Oracle 10g
Entry Topical Term
001 - CONTROL NUMBER
- control field: 1206
003 - CONTROL NUMBER IDENTIFIER
- control field: JO-AjAnu
005 - DATE AND TIME OF LATEST TRANSACTION
- control field: 20230606070512.0
008 - FIXED-LENGTH DATA ELEMENTS
- fixed length control field: 230606|| aca||aabn | a|a d
040 ## - CATALOGING SOURCE
- Original cataloging agency: JO-AjAnu
- Transcribing agency: JO-AjAnu
150 ## - HEADING--TOPICAL TERM
- Topical term or geographic name entry element: Guide to Oracle 10g
670 ## - SOURCE DATA FOUND
- Source citation: Work cat.: (JO-AjAnu)634: Conrad,Rocky/Morrison,Joline/Morrison,Mike, author 1205, Guide to Oracle 10g